000 00559nam a22001937a 4500
999 _c9762
_d9762
003 GBCCL
005 20241126110718.0
008 230712b ||||| |||| 00| 0 eng d
020 _a9780310243670
040 _cgbc
082 _a225.77
_bZON
100 _aSchnabel, Eckhard J.
_916959
245 _aActs /
_cEckhard J. Schnabel
260 _aGrand Rapids :
_bZondervan,
_c2012
300 _a1162 pages
440 _aZondervan exegetical commentary on the New Testament
_vv.5
_916960
650 _aBible
_vN.T.
_xActs
_xcommentaries
_916961
942 _2ddc
_cREF